LIBRARY & INFORMATION CENTRE, KCAET, TAVANUR

ONLINE PUBLIC ACCESS CATALOGUE (OPAC)

Agriculture and Water Management (Record no. 13606)

MARC details
000 -LEADER
fixed length control field 00326cam a2200133ua 4500
020 ## - INTERNATIONAL STANDARD BOOK NUMBER
ISBN 9788189473563
082 ## - DEWEY DECIMAL CLASSIFICATION NUMBER
Classification number 627.02
Item number KAS/AG
100 ## - MAIN ENTRY--AUTHOR NAME
Personal name Kashyap, Ravinder Kumar.,
245 0# - TITLE STATEMENT
Title Agriculture and Water Management
250 ## - EDITION STATEMENT
Edition statement 1st
260 ## - PUBLICATION, DISTRIBUTION, ETC. (IMPRINT)
Place of publication Jaipur:
Name of publisher Oxford book company,
Year of publication 2009.
300 ## - PHYSICAL DESCRIPTION
Number of Pages 310.
942 ## - ADDED ENTRY ELEMENTS (KOHA)
Koha item type Books
Holdings
Withdrawn status Lost status Damaged status Collection code Home library Current library Shelving location Date acquired Source of acquisition Cost, normal purchase price Full call number Accession Number Koha item type
        KAUAET KAUAET Scheme 02/09/2016 Penta Books Distributors, Calicut. 950.00 627.02 KAS/AG BB 170 Book Bank scheme for SC students
        KAUAET KAUAET Scheme 02/09/2016 Penta Books Distributors, Calicut. 950.00 627.02 KAS/AG BB 171 Book Bank scheme for SC students
free website counter